Wszystkie Ulice wewnątrz II Obwodnicy Krakowa - Statystyki

Ogólne statystyki
  • Ten quiz został rozwiązany 10 razy
  • Średni wynik to 53 z 280
Statystyki odpowiedzi
Odpowiedź % Poprawnych
al. Adama Mickiewicza
89%
al. Juliusza Słowackiego
78%
Floriańska
67%
Lubicz
67%
Podwale
67%
Starowiślna
67%
Długa
56%
Grodzka
56%
Juliana Dunajewskiego
56%
Kalwaryjska
56%
Miodowa
56%
Pawia
56%
Stefana Batorego
56%
św. Wawrzyńca
56%
Szczepańska
56%
Szewska
56%
Szpitalna
56%
Wiślna
56%
Zwierzyniecka
56%
al. Zygmunta Krasińskiego
44%
Basztowa
44%
Bernardyńska
44%
Bracka
44%
Floriana Straszewskiego
44%
Józefa Dietla
44%
Józefa Piłsudskiego
44%
Karmelicka
44%
Krowoderska
44%
Kupa
44%
Mikołajska
44%
św. Anny
44%
św. Jana
44%
św. Marka
44%
św. Tomasza
44%
Westerplatte
44%
Wielopole
44%
al. 29 Listopada
33%
al. Ignacego Daszyńskiego
33%
Ambrożego Grabowskiego
33%
Berka Joselewicza
33%
Bolesława Limanowskiego
33%
Bożego Ciała
33%
Dajwór
33%
Dominikańska
33%
Elizy Orzeszkowej
33%
Felicjanek
33%
Garncarska
33%
Gołębia
33%
Grzegórzecka
33%
Henryka Kamieńskiego
33%
Henryka Siemiradzkiego
33%
Ignacego Krasickiego
33%
Jagiellońska
33%
Jana Kochanowskiego
33%
Józefa
33%
Krakowska
33%
Krupnicza
33%
Łobzowska
33%
Lwowska
33%
Marii Konopnickiej
33%
Mikołaja Kopernika
33%
Paulińska
33%
Pijarska
33%
Podgórska
33%
Podzamcze
33%
Rajska
33%
Rakowicka
33%
Retoryka
33%
Rzeszowska
33%
Rzeźnicza
33%
Sławkowska
33%
Smoleńsk
33%
Stradomska
33%
św. Filipa
33%
Szeroka
33%
Szlak
33%
Teofila Lenartowicza
33%
Warszawska
33%
Adama Asnyka
22%
Ariańska
22%
Augustiańska
22%
Biskupia
22%
Blich
22%
Bocheńska
22%
Bosacka
22%
Botaniczna
22%
Brzozowa
22%
Ciemna
22%
Czapskich
22%
Czarnowiejska
22%
Czysta
22%
Dolnych Młynów
22%
Estery
22%
Franciszkańska
22%
Garbarska
22%
Gustawa Herlinga-Grudzińskiego
22%
Halicka
22%
Jabłonowskich
22%
Jakuba
22%
Jana Sobieskiego
22%
Józefa Sarego
22%
Kanonicza
22%
Koletek
22%
Kotlarska
22%
Krótka
22%
Librowszczyzna
22%
Loretańska
22%
Ludwika Zamenhofa
22%
Mała
22%
Marii Skłodowskiej-Curie
22%
Michała Siedleckiego
22%
Mikołaja Zyblikiewicza
22%
Mostowa
22%
Pędzichów
22%
Piotra Michałowskiego
22%
Poselska
22%
Powiśle
22%
Reformacka
22%
Sienna
22%
Skawińska
22%
Smocza
22%
Smolki
22%
Stanisława Klimeckiego
22%
Studencka
22%
Sukiennicza
22%
św. Agnieszki
22%
św. Benedykta
22%
św. Gertrudy
22%
Świętego Krzyża
22%
św. Kingi
22%
św. Sebastiana
22%
Warszauera
22%
Wąska
22%
Wenecja
22%
Zabłocie
22%
Adama Chmielowskiego
11%
Aleksandra Lubomirskiego
11%
Beera Meiselsa
11%
Bonerowska
11%
Bonifraterska
11%
Emila Zegadłowicza
11%
Gazowa
11%
Helców
11%
Hieronima Wietora
11%
Hugona Kołłątaja
11%
Izaaka
11%
Jana i Jędrzeja Śniadeckich
11%
Jana Zamoyskiego
11%
Jerzego Żuławskiego
11%
Józefińska
11%
Kapucyńska
11%
Karola Olszewskiego
11%
Krakusa
11%
Kremerowska
11%
Krzemionki
11%
Krzywa
11%
ks. Augustyna Kordeckiego
11%
Kurniki
11%
Lewkowa
11%
Ludwinowska
11%
Morsztynowska
11%
Nadwiślańska
11%
Na Gródku
11%
Napoleona Cybulskiego
11%
Na Zjeździe
11%
Ogrodowa
11%
Oskara Kolberga
11%
Parkowa
11%
Piekarska
11%
Podbrzezie
11%
Powstańców Wielkopolskich
11%
Prochowa
11%
Przemyska
11%
Radziwiłłowska
11%
Redemptorystów
11%
Rękawka
11%
Romana Sołtyka
11%
Romualda Traugutta
11%
Rybaki
11%
Senacka
11%
Sereno Fenn'a
11%
Skałeczna
11%
Skarbowa
11%
Śliska
11%
Solna
11%
Stanisława Worcella
11%
Staromostowa
11%
Stefana Czarnieckiego
11%
Stolarska
11%
Strzelecka
11%
św. Idziego
11%
św. Katarzyny
11%
św. Łazarza
11%
św. Teresy
11%
Tadeusza Romanowicza
11%
Tarłowska
11%
Tenczyńska
11%
Topolowa
11%
Trynitarska
11%
Węgierska
11%
Władysława Warneńczyka
11%
Wojciecha Bogusławskiego
11%
Wygoda
11%
Zacisze
11%
al. Edwarda Dembowskiego
0%
al. Powstańców Śląskich
0%
Andrzeja Potebni
0%
Antoniego Stawarza
0%
Bartosza
0%
Celna
0%
Czyżówka
0%
Dąbrówki
0%
Gęsia
0%
Hetmańska
0%
Ignacego Paderewskiego
0%
Iwony Borowickiej
0%
Jana Dekerta
0%
Jana Długosza
0%
Jana Tarnowskiego
0%
Janowa Wola
0%
Józefa Dwernickiego
0%
Józefa Szujskiego
0%
Józefa Turbasy
0%
Kącik
0%
Karola Chodkiewicza
0%
Karola Rollego
0%
Kazimierza Brodzińskiego
0%
Kraka
0%
ks. Franciszka Blachnickiego
0%
ks. Władysława Gurgacza
0%
Kurkowa
0%
Lipowa
0%
Masarska
0%
Metalowców
0%
Mydlarska
0%
Na Dołach
0%
Na Przejściu
0%
Niwy
0%
Nowa
0%
Odona Bujwida
0%
Orawska
0%
Piwna
0%
Podskale
0%
Przedwiośnie
0%
Przełęcz
0%
Przemysłowa
0%
Radosna
0%
Romana Kiełkowskiego
0%
Sandomierska
0%
Semperitowców
0%
Słowiańska
0%
Ślusarska
0%
Sokolska
0%
Spiska
0%
Stanisława Mitery
0%
Stanisława Staszica
0%
Stanisława Żółkiewskiego
0%
Stroma
0%
Swoboda
0%
św. Rafała Kalinowskiego
0%
św. Stanisława
0%
Szaflarska
0%
Szczepana Humberta
0%
Tadeusza Czackiego
0%
Tadeusza Kutrzeby
0%
Tadeusza Pawlikowskiego
0%
Tadeusza Rejtana
0%
Targowa
0%
Tatrzańska
0%
Turecka
0%
Wałowa
0%
Wilhelma Feldmana
0%
Wincentego Pola
0%
Wiślisko
0%
Wita Stwosza
0%
Władysława Spasowskiego
0%
Zamkowa
0%
Zatorska
0%
Zygmunta Augusta
0%
Zygmunta Wróblewskiego
0%
Nie znaleziono quizów pasujących do podanych kryteriów
Rozkład punktacji
Procent ludzi z każdym wynikiem
Percentyl według liczby udzielonych odpowiedzi
Twoja historia wyników
Nie rozwiązałeś tego quizu